|
|
|
|
| LEADER |
00000nab a2200000 4500 |
| 005 |
20160317163816.0 |
| 008 |
150730b2002 cr f|||| |||| 00| 0 spa d |
| 090 |
|
|
|a REVIS 06.02.01
|
| 100 |
1 |
|
|9 191
|a Carballo Vargas, Sonia
|
| 245 |
1 |
0 |
|a Educación de la expresión de la sexualidad humana /
|c Sonia Carballo Vargas
|
| 260 |
|
|
|a San José, Costa Rica :
|b Editorial Universidad de Costa Rica,
|c 2002
|
| 300 |
|
|
|a páginas. 29-46
|
| 520 |
|
|
|a En el presente artículo se parte de que la sexualidad humana es una dimensión de la personalidad impregnada desde la concepción por las mismas características biosicosociales y espirituales de la persona. Se expresa en la relación de ella consigo misma y en la convivencia con los otros a través de los vínculos emocionales, del papel sexual, de la respuesta sexual y erotismo, y de la reproducción . Así mismo se plantea que educar a las personas en la expresión de la sexualidad es un proceso desafiante y placentero, dinámico y nunca acabado, que permite construir y reconstruir sistemáticamente actitudes, valores, sentimientos, intereses, conocimientos y formas de comportamiento sanos racional y emocionalmente. Por tanto se afirma que la educación de la expresión de la sexualidad se da durante toda la vida para aprender a convivir juntos, para aprender a conocer, para aprender a hacer y para aprender a ser, en un marco de derechos humanos, con el objetivo de construir formas inteligentes cognitiva y emocionalmente que lleven al disfrute pleno y voluntario de la sexualidad
|
| 650 |
1 |
4 |
|9 1
|a EDUCACIÓN
|
| 773 |
0 |
|
|d San José, Costa Rica : Editorial de la Universidad de Costa Rica, 1997-
|o R0060
|t EDUCACIÓN: Revista de la Universidad de Costa Rica
|g Vol.26, no.1 (2002)
|
| 942 |
|
|
|h REVIS 06.02.01
|2 z
|c 10
|
| 999 |
|
|
|c 2743
|d 2743
|